| 000 | 00512nam a2200169 i 4500 | ||
|---|---|---|---|
| 001 | 22471 | ||
| 003 | ES-MaACL | ||
| 005 | 20230906152713.0 | ||
| 007 | t| | ||
| 008 | 021203s1967 sp ||||1| spa d | ||
| 100 | 1 |
_aAlken, Carl-Erich. _919948 |
|
| 245 | 1 | 0 |
_aUrología / _cpor Carl-Erich Alken ; traducción... por Jose Mª Pla Janini. |
| 260 |
_aBarcelona, etc. : _bLabor, _c1967. |
||
| 300 |
_a207 p. : _bil. ; _c19 cm. |
||
| 700 | 1 |
_aPla Janini, José María. _992495 |
|
| 852 |
_aES-MaACL _jC-33817 _bR.64077 |
||
| 999 |
_c22471 _d22471 |
||